Normal view MARC view
  • Cabello, Encarna,

Entry Nombre Personal

Number of records used in: 1

001 - NUMERO DE CONTROL

  • campo de control: 45864

003 - IDENTIFICADOR DE NUMERO DE CONTROL

  • campo de control: UPN

005 - FECHA Y HORA DE LA ÜLTIMA TRANSACCIÓN

  • campo de control: 20220818163608.0

008 - DATOS DE LONGITUD FIJA

  • campo de control de longitud fija: 220818nn acannaabn n ana d

040 ## - FUENTE DE CATALOGACIÓN

  • Agencia original de catalogación: UPN

100 1# - ENCABEZAMIENTO - NOMBRE PERSONAL

  • Nombre personal: Cabello, Encarna,
  • Fechas asociadas con el nombre: 1956-

670 ## - FUENTE EN LA QUE SE LOCALIZARON DATOS

  • Cita de la fuente: LC

680 ## - NOTA PUBLICA DE ACCESO PÚBLICO

  • Frase explicativa de la referencia: Escritora y traductora española de textos árabes

902 ## - CATALOGADOR

  • Catalogador: CAA/180822